000 00284nam a22001337a 4500
008 170926b xxu||||| |||| 00| 0 eng d
020 _a9780618405428
041 _aeng
080 _a37
100 _a46
101 _aEDU
245 _aTHE COLLEGE WRITER
_cMEY,R.V
942 _2udc
_cBK
999 _c29774
_d29774